MLS Logo Quiz - Statistics

General Stats
  • This quiz has been taken 24 times
  • The average score is 23 of 30
Answer Stats
Picture Answer % Correct
Toronto FC
96%
Vancouver Whitecaps
96%
San Diego FC
87%
Inter Miami CF
83%
New England Revolution
83%
New York City FC
83%
Orlando City SC
83%
Philadelphia Union
83%
St Louis City SC
83%
LA Galaxy
78%
Nashville SC
78%
Portland Timbers
78%
Real Salt Lake
78%
Seattle Sounders
78%
Austin FC
74%
Colorado Rapids
74%
Columbus Crew
74%
D.C. United
74%
FC Cincinnati
74%
FC Dallas
74%
Houston Dynamo FC
74%
LAFC
74%
San Jose Earthquakes
74%
Sporting Kansas City
74%
Atlanta United FC
70%
CF Montreal
70%
Chicago Fire FC
70%
New York Red Bulls
70%
Minnesota United FC
65%
Charlotte FC
61%
No matching quizzes found
Score Distribution
Percent of People with Each Score
Percentile by Number Answered
Your Score History
You have not taken this quiz